000 00802nam a2200229Ia 4500
005 20260430150749.0
008 008 250103s9999 xx 000 0 hin d
037 _aTheses
040 _aCRL
040 _bhin
040 _chin
041 _2hin
041 _ahin
084 _qCRL
100 _aसाधना कुमारी, ले.
_9866479
245 0 _aविकलांगता के अनुभव: आलोचनात्मक विकलांगता अध्ययन के परिप्रेक्ष्य से
260 _c2021
300 _a538पृ0
700 _aदिल्ली विश्वविद्यालय. शिक्षा संकाय. शिक्षा विभाग
_9556122
942 _cTH
999 _c1850656
_d1850656